000 00264nam a2200109Ia 4500
008 231212s1974 xx 000 0 und d
041 _aeng
082 _a621.38412
100 _aMileat Harry
245 _aElectronic Vol. I I I
260 _aNew Delhi
_bMcGrowh
_c1974
999 _c959214
_d959214